Republics and Autonomous Republics of USSR - Statistics

General Stats
  • This quiz has been taken 258 times
  • The average score is 29 of 48
Answer Stats
Hint Answer % Correct
Republic Russian Soviet Federative Socialist Republic
94%
Republic Ukrainian Soviet Socialist Republic
94%
Republic Latvian Soviet Socialist Republic
93%
Republic Estonian Soviet Socialist Republic
92%
Autonomous Republic within Uzbekistan Tajik Autonomous Soviet Socialist Republic
92%
Republic Tajik Soviet Socialist Republic
92%
Autonomous Republic within Russia Kazakh Autonomous Socialist Soviet Republic
91%
Republic Kazakh Soviet Socialist Republic
91%
Republic Lithuanian Soviet Socialist Republic
91%
Republic Georgian Soviet Socialist Republic
90%
Republic Byelorussian Soviet Socialist Republic
89%
Republic Turkmen Soviet Socialist Republic
89%
Republic Uzbek Soviet Socialist Republic
89%
Republic Armenian Soviet Socialist Republic
88%
Republic Azerbaijan Soviet Socialist Republic
88%
Autonomous Republic within Ukraine Moldavian Autonomous Soviet Socialist Republic
83%
Republic Moldavian Soviet Socialist Republic
83%
Autonomous Republic within Georgia Abkhaz Autonomous Soviet Socialist Republic
72%
Autonomous Republic within Russia Yakut Autonomous Soviet Socialist Republic
72%
Autonomous Republic within Russia Crimean Autonomous Soviet Socialist Republic
71%
Autonomous Republic within Ukraine Crimean Autonomous Soviet Socialist Republic
71%
Autonomous Republic within Russia Chechen-Ingush Autonomous Soviet Socialist Republic
70%
Autonomous Republic within Russia Dagestan Autonomous Soviet Socialist Republic
69%
Autonomous Republic within Russia Tatar Autonomous Soviet Socialist Republic
68%
Autonomous Republic within Russia Karelian Autonomous Soviet Socialist Republic
67%
Autonomous Republic within Russia Buryat-Mongol Autonomous Soviet Socialist Republic
57%
Autonomous Republic within Russia Tuvan Autonomous Soviet Socialist Republic
56%
Autonomous Republic within Russia Kalmyk Autonomous Soviet Socialist Republic
49%
Autonomous Republic within Russia Mari Autonomous Soviet Socialist Republic
49%
Autonomous Republic within Russia Bashkir Autonomous Soviet Socialist Republic
48%
Autonomous Republic within Russia North Ossetian Autonomous Soviet Socialist Republic
47%
Autonomous Republic within Russia Komi Autonomous Soviet Socialist Republic
45%
Autonomous Republic within Russia Udmurt Autonomous Soviet Socialist Republic
44%
Autonomous Republic within Russia Chuvash Autonomous Soviet Socialist Republic
40%
Autonomous Republic within Russia Kabardino-Balkar Autonomous Soviet Socialist Republic
40%
Autonomous Republic within Uzbekistan Karakalpak Autonomous Soviet Socialist Republic
40%
Autonomous Republic within Russia Karachay-Cherkess Autonomous Soviet Socialist Republic
39%
Autonomous Republic within Russia Mordovian Autonomous Soviet Socialist Republic
39%
Autonomous Republic within Russia Gorno-Altai Autonomous Soviet Socialist Republic
38%
Autonomous Republic within Russia Adyghe Autonomous Soviet Socialist Republic
35%
Autonomous Republic within Georgia Adjarian Autonomous Soviet Socialist Republic
32%
Autonomous Republic within Russia Kirghiz Autonomous Socialist Soviet Republic
32%
Republic Kirghiz Soviet Socialist Republic
32%
Autonomous Republic within Azerbaijan Nakhichevan Autonomous Soviet Socialist Republic
27%
Autonomous Republic within Russia Volga German Autonomous Soviet Socialist Republic
25%
Autonomous Republic within Russia Khakassian Autonomous Soviet Socialist Republic
23%
Autonomous Republic within Russia Mountain Autonomous Soviet Socialist
10%
Autonomous Republic within Russia Turkestan Autonomous Soviet Socialist Republic
10%
No matching quizzes found
Score Distribution
Percent of People with Each Score
Percentile by Number Answered
Your Score History
You have not taken this quiz